| Tag |
First Indicator |
Second Indicator |
Subfields |
| LEADER |
00000cam a2200000 a 4500 |
| 001 |
in00001404057 |
| 005 |
20151020054314.0 |
| 008 |
970618s1998 ilua b 001 0 eng |
| 010 |
|
|
|a 97022581
|
| 020 |
|
|
|a 0812693698 (cloth : alk. paper)
|
| 020 |
|
|
|a 0812693701 (pbk. : alk. paper)
|
| 035 |
|
|
|a (OCoLC)37180858
|
| 035 |
|
|
|9 AHN1048AM
|
| 040 |
|
|
|a DLC
|c DLC
|d TXA
|d UtOrBLW
|
| 043 |
|
|
|a n-us-nc
|
| 049 |
|
|
|a TXAM
|
| 050 |
0 |
0 |
|a KF224.B25
|b A43 1998
|
| 082 |
0 |
0 |
|a 345.73/0263
|2 21
|
| 100 |
1 |
|
|a Albert, James A.
|
| 245 |
1 |
0 |
|a Jim Bakker :
|b miscarriage of justice /
|c James A. Albert.
|
| 264 |
|
1 |
|a Chicago :
|b Open Court,
|c [1998]
|
| 264 |
|
4 |
|c ©1998
|
| 300 |
|
|
|a xiv, 532 pages :
|b illustrations ;
|c 23 cm.
|
| 336 |
|
|
|a text
|b txt
|2 rdacontent
|
| 337 |
|
|
|a unmediated
|b n
|2 rdamedia
|
| 338 |
|
|
|a volume
|b nc
|2 rdacarrier
|
| 504 |
|
|
|a Includes bibliographical references and index.
|
| 600 |
1 |
0 |
|a Bakker, Jim,
|d 1940-
|x Trials, litigation, etc.
|
| 650 |
|
0 |
|a Trials (Fraud)
|z North Carolina
|z Charlotte.
|
| 610 |
2 |
0 |
|a PTL (Organization)
|x Corrupt practices.
|
| 999 |
|
|
|a MARS
|
| 999 |
f |
f |
|s c9d88cde-21de-3653-b05d-a76329409fd8
|i 8ced8547-b6ab-3c94-aeb7-65e603bf021a
|t 0
|
| 952 |
f |
f |
|p ric
|a Texas A&M University
|b Rellis Campus
|c Joint Library Facility
|d Remote Storage
|t 0
|e KF224.B25 A43 1998
|h Library of Congress classification
|i unmediated -- volume
|m A14822132367
|
| 998 |
f |
f |
|a KF224.B25 A43 1998
|t 0
|l Remote Storage
|